00429 2200133 4500001002100000005001500021035002000036245010900056100002000165250001900185300002500204260004400229020002200273INLIS00000000000989220260416103348 a0010-04260002531 aSelf Healing With Qur'an :bJangan Galau! Kau Tidak Butuh Liburan, Tetapi Baca Qur'an /cUmmu Kalsum IQT0 aUmmu Kalsum IQT aEd. 1, Cet.XIV avi +186 ;c14 x 20cm aSemarang :bSyalmahat Publishing,c2025 a978-623-5269-01-6